you & your AMAZING BRAIN : A BOOK OF BRAINS - AND HOW THEY WORK

Bibliographic Details
Main Author: Gifford, Clive (Author)
Other Authors: Wilson, Anne (Illustrator)
Format: Book
Published: London : Quarto Publishing Plc 2023
Subjects:

MARC

LEADER 00000cam a2200000 7i4500
001 0000317341
005 20250527152839.0
007 t
008 240401t20232023enka ### eng
020 |a 9780711283619 
040 |a MBPJ   |b eng   |c MBPJ   |e rda 
090 0 0 |a 612.82   |b GIF 
100 1 |a Gifford, Clive ,   |e author 
245 1 0 |a you & your AMAZING BRAIN :   |b A BOOK OF BRAINS - AND HOW THEY WORK   |c Clive Gifford ; Illustrated by Anne Wilson 
264 1 |a London :   |b Quarto Publishing Plc   |c 2023 
264 4 |c Â©2023 
300 |a 80 pages :   |b colour photographs ;   |c 24 cm. 
336 |a text  |2 rdacontent 
337 |a unmediated  |2 rdamedia 
338 |a volume  |2 rdacarrier 
500 |a Includes index 
650 0 |a Brain   |x Juvenile literature 
650 0 |a Cognition   |x Juvenile literature 
700 1 |a Wilson, Anne ,   |e illustrator 
999 |a 00413490   |b BUKU   |c PINJAMAN   |e PERPUSTAKAAN KOMUNITI PETALING JAYA